000 00556nam a22002057a 4500
003 BD-DhUIB
005 20260604150039.0
008 260604b |||||||| |||| 00| 0 eng d
020 _a9789355329813
040 _aBD-DhUIB
_cBD-DhUIB
082 _222
100 _aRoss, Stephen A.
_9837
245 _aCorporate finance/
_cby Stephen A. Ross.
260 _aIndia :
_bMcgraw hill ,
_cc2022
300 _axxxii, 1031p. :
_billus. ;
_c25cm.
526 _aBBA
700 _aWesterfield, Randolf W.
_91132
700 _aJaffe, Jaffrey.
_91133
942 _2ddc
_cBK
999 _c722
_d722